00238 a2200097 4500001000700000040003500007100001800042240003800060245003300098362000900131153541 cEscola São Tomás de Aquino aVAZ, Fernando10aUma escola de pernas pro ar.lpor10aUma escola de pernas pro ar.0 a2001